| 000 | 00984nam a22002657a 4500 | ||
|---|---|---|---|
| 999 |
_c777 _d777 |
||
| 003 | AR-CdUCM | ||
| 008 | 190225b ||||| |||| 00| 0 spa d | ||
| 020 | _a9972691411 | ||
| 040 |
_aMUNICIPALIDAD PROVINCIAL DEL CUSCO _cBIBLIOTECA MUNICIPAL DEL CUSCO |
||
| 082 |
_a985.002 / _bD41 |
||
| 100 |
_aDecoster, Jean-Jacques _92968 |
||
| 245 |
_aYlustre consejo, justicia y regimiento : _bcatálogo del fondo cabildo del Cuzco (causas civiles) / |
||
| 260 |
_aCusco : _bCentro de Estudios Regionales Andinos "Bartolomé de las Casas", _c2001. |
||
| 300 |
_a315 páginas ; _c22.7 cm. |
||
| 440 |
_aArchivos de Historia Andina : _n 36 _92969 |
||
| 650 |
_aCabildo del Cusco _92970 |
||
| 650 |
_aInstitución colonial _92971 |
||
| 650 |
_aHistoria social _92972 |
||
| 650 |
_aHistoria económica _913 |
||
| 650 |
_aDocumentos de Siglo XVI-XVII _92973 |
||
| 650 |
_aPerú _935 |
||
| 650 |
_aIlustre consejo, justicia y regimiento _92974 |
||
| 942 |
_2ddc _cLIBROS |
||
| 945 |
_alccs _d2019-02-25 |
||